Funkčné vlastnosti povrchov po obrábaní

Saved in:
Bibliographic Details
Main Author: Olgyay, Richard (Author)
Other Authors: Šugár, Peter (Thesis advisor)
Format: Manuscript Book
Language:Slovak
Published: 2023
Subjects:
Online Access:http://is.stuba.sk/zp/portal_zp.pl?podrobnosti=164074
Tags: Add Tag
No Tags, Be the first to tag this record!

MARC

LEADER 00000ntm a22000003a 4500
001 stuzp93677
003 SK-STU
005 20230909215738.3
007 ta
008 150427s2015----xo-----f-mn---000-0-slo-d
040 |a STU  |b slo 
041 0 |a slo 
100 1 |a Olgyay, Richard  |u 063000  |4 aut  |U MTF Materiálovotechnologická fakulta  |T MTF Ústav výrobných technológií  |X 111880  |U M3000  |Y 83  |7 111880 
242 0 1 |a Functional properties of machined surfaces  |y eng 
245 1 0 |a Funkčné vlastnosti povrchov po obrábaní 
260 |c 2023 
650 4 |a drsnosť povrchu  |2 slo 
650 4 |a integrita povrchu  |2 slo 
650 4 |a biokomapatibilné materiály  |2 slo 
650 4 |a biocompatible materials  |2 eng 
650 4 |a surface integrity  |2 eng 
650 4 |a surface roughness  |2 eng 
700 1 |a Šugár, Peter  |u 063200  |k Z1  |4 ths  |U MTF Ústav výrobných technológií  |T MTF Katedra obrábania a počítačovej podpory technológií  |X 3552  |U M3200  |Y 164  |7 A000003552 
856 4 |u http://is.stuba.sk/zp/portal_zp.pl?podrobnosti=164074 
996 |c M* BP-9645  |l MMSKP  |s P  |a 0  |w stuzp93677_0001